Rozvíjení radikální imaginace : globální přerozdělování, uznání a reprezentace /

Hlavní autor: Fraser, Nancy, 1947-
Korporativní autor: Filosofický ústav (Akademie věd ČR)
Jazyk: Čeština
Vydáno: Praha : Filosofia, 2007
Vydání: Vyd. 1.
Edice: Filosofie a sociální vědy
Témata:
Fyzický popis: 182 s. ; 20 cm
Knihy
Uloženo v:
LEADER 02216nam a2200577 a 4500
001 nkc20071718754
003 CZ PrNK
005 20140812164120.0
007 ta
008 070507s2007 xr f 000 0 cze
015 |a cnb001718754 
020 |a 978-80-7007-251-6  |q (váz.)  |z 9788070072516 
035 |a (OCoLC)187296154 
040 |a BOA001  |b cze  |d ABA001 
041 1 |a cze  |h eng 
072 7 |a 316.3  |x Globální společnosti. Sociální struktura. Sociální skupiny  |2 Konspekt  |9 18 
080 |a 364.614.8  |2 MRF 
080 |a 316.323.6  |2 MRF 
080 |a 17  |2 MRF 
080 |a 141.7  |2 MRF 
080 |a 32:1  |2 MRF 
080 |a 316.66-055.1/.3  |2 MRF 
080 |a (048.8)  |2 MRF 
100 1 |a Fraser, Nancy,  |d 1947-  |7 mzk2005266341  |4 aut 
245 1 0 |a Rozvíjení radikální imaginace :  |b globální přerozdělování, uznání a reprezentace /  |c Nancy Fraser ; editor Marek Hrubec ; [z anglických originálů přeložili Martin Brabec ... et al.] 
250 |a Vyd. 1. 
260 |a Praha :  |b Filosofia,  |c 2007 
300 |a 182 s. ;  |c 20 cm 
490 1 |a Filosofie a sociální vědy ;  |v sv. 22 
504 |a Obsahuje bibliografické odkazy 
550 |a Vydavatel: Filosofický ústav AV ČR 
650 0 7 |a sociální spravedlnost  |7 ph125813  |2 czenas 
650 0 7 |a kapitalismus  |7 ph121442  |x etické a morální aspekty  |2 czenas 
650 0 7 |a sociální filozofie  |7 ph125785  |2 czenas 
650 0 7 |a politická filozofie  |7 ph115786  |2 czenas 
650 0 7 |a gender  |7 ph175751  |2 czenas 
650 0 9 |a social justice  |2 eczenas 
650 0 9 |a capitalism  |x ethical and moral aspects  |2 eczenas 
650 0 9 |a social philosophy  |2 eczenas 
650 0 9 |a political philosophy  |2 eczenas 
650 0 9 |a gender  |2 eczenas 
655 7 |a studie  |7 fd133597  |2 czenas 
655 9 |a studies  |2 eczenas 
710 2 |a Filosofický ústav (Akademie věd ČR)  |7 kn20010709007 
830 0 |a Filosofie a sociální vědy  |0 s 
910 2 |a BOA001  |b 2-1186.414 
990 |a BK 
995 |a 01 
991 |b 200705  |c NOV 
996 6 |b 2610311192  |c 2-1186.414  |l MZK  |r Sklad / do 1 hodiny  |n 1  |p p.v.  |w 000850286  |u 000010  |a 1  |e BOA001  |j MZK50  |s P 
996 7 |b 2610313304  |c 2-1186.414  |l MZK  |r Sklad / do 1 hodiny  |n 19  |p kup  |w 000850286  |u 000020  |a 1  |e BOA001  |j MZK50  |s A